MARC

LEADER 00000nam0a2200000 4500
001 358648
005 20231102011120.0
035 |a (RuTPU)RU\TPU\retro\15919 
090 |a 358648 
100 |a 20200820d1968 m y0rusy50 ca 
101 0 |a rus 
102 |a RU 
105 |a y j 000zy 
200 1 |a Программа воспитания студентов дневного отделения на весь период обучения в институте  |f И. Ф. Лившиц, А. А. Сокальский, В. М. Ядвиршис и др.  |g Томский политехнический институт 
210 |a Томск  |c [Б. и.]  |d 1968 
215 |a 46 с. 
606 1 |a Высшее образование  |x Теория воспитания  |2 stltpush  |3 (RuTPU)RU\TPU\subj\72570  |9 86021 
610 1 |a студенты 
610 1 |a образовательные программы 
610 1 |a воспитательная работа 
610 1 |a воспитательные технологии 
610 1 |a профессиональное воспитание 
610 1 |a физическое воспитание 
610 1 |a трудовое воспитание 
610 1 |a нравственное воспитание 
610 1 |a Коллекция История ТПУ 
686 |a Ч481.3я73  |v LBC/SL-A  |2 rubbk 
701 1 |a Лившиц  |b И. Ф. 
701 1 |a Сокальский  |b А. А. 
701 1 |a Ядвиршис  |b В. М. 
701 1 |a Горбунова  |b Л. А. 
701 1 |a Баронас  |b А. П. 
701 1 |a Ратницкийъ  |b В. И. 
712 0 2 |a Томский политехнический институт  |c (1944-1991)  |2 stltpush  |3 (RuTPU)RU\TPU\col\1123  |9 23521 
801 1 |a RU  |b 63413507  |c 20200820 
801 2 |a RU  |b 63413507  |c 20210208  |g RCR 
942 |c BK